| 000 | 00313nam a2200085Ia 4500 | ||
|---|---|---|---|
| 245 | 0 | _aIn the dark with my dress on fire : my life in Cape Town, London, Havana and home again | |
| 100 |
_a La Guma, Blanche Auckland Park, South Africa, 2010 _948074 |
||
| 942 | _cBK | ||
| 008 | 210817s9999 xx 000 0 und d | ||
| 999 |
_c328225 _d328224 |
||